5HLuxD.jpg

KING HENRY VIII SENIOR AND PRIMARY SCHOOL LIBRARY OPAC

The Shadow of the wind / (Record no. 1)

000 -LEADER
fixed length control field 02285cam a2200325 i 4500
001 - CONTROL NUMBER
control field 2142742
003 - CONTROL NUMBER IDENTIFIER
control field OCoLC
005 - DATE AND TIME OF LATEST TRANSACTION
control field 20190726081731.0
008 - FIXED-LENGTH DATA ELEMENTS--GENERAL INFORMATION
fixed length control field 181224s2004 nyu 000 f eng
010 ## - LIBRARY OF CONGRESS CONTROL NUMBER
LC control number 2003062376
020 ## - INTERNATIONAL STANDARD BOOK NUMBER
International Standard Book Number 9780143034902
Qualifying information (pbk.)
040 ## - CATALOGING SOURCE
Original cataloging agency DLC
Language of cataloging eng
Transcribing agency DLC
041 1# - LANGUAGE CODE
Language code of text/sound track or separate title eng
Language code of original spa
042 ## - AUTHENTICATION CODE
Authentication code nbic
082 ## - DEWEY DECIMAL CLASSIFICATION NUMBER
Classification number FIC RUI
100 1# - MAIN ENTRY--PERSONAL NAME
Personal name Ruiz Zafón, Carlos,
Dates associated with a name 1964-
Relator term author.
240 10 - UNIFORM TITLE
Uniform title Sombra del viento.
Language of a work English.
245 10 - TITLE STATEMENT
Title The Shadow of the wind /
Statement of responsibility, etc. Carlos Ruiz Zafón ; translated by Lucia Graves.
260 ## - PUBLICATION, DISTRIBUTION, ETC.
Place of publication, distribution, etc. New York :
Name of publisher, distributor, etc. The Penguin Press,
Date of publication, distribution, etc. 2004,c2001.
300 ## - PHYSICAL DESCRIPTION
Extent 486 p. ;
Dimensions 25 cm.
500 ## - GENERAL NOTE
General note Originally published in Spanish as La sombra del viento.
520 ## - SUMMARY, ETC.
Summary, etc. Barcelona, 1945--just after the war, a great world city lies in shadow, nursing its wounds, and a boy named Daniel awakes on his eleventh birthday to find that he can no longer remember his mother's face. To console his only child, Daniel's widowed father, an antiquarian book dealer, initiates him into the secret of the Cemetery of Forgotten Books, a library tended by Barcelona's guild of rare-book dealers as a repository for books forgotten by the world, waiting for someone who will care about them again. Daniel's father coaxes him to choose a volume from the spiraling labyrinth of shelves, one that, it is said, will have a special meaning for him. And Daniel so loves the novel he selects, The Shadow of the Wind by one Julian Carax, that he sets out to find the rest of Carax's work. To his shock, he discovers that someone has been systematically destroying every copy of every book this author has written. In fact, he may have the last one in existence. Before Daniel knows it his seemingly innocent quest has opened a door into one of Barcelona's darkest secrets, an epic story of murder, magic, madness, and doomed love. And before long he realizes that if he doesn't find out the truth about Julian Carax, he and those closest to him will suffer horribly.
650 #0 - SUBJECT ADDED ENTRY--TOPICAL TERM
Topical term or geographic name entry element Antiquarian booksellers
Geographic subdivision Spain
-- Barcelona
Form subdivision Fiction.
650 #0 - SUBJECT ADDED ENTRY--TOPICAL TERM
Topical term or geographic name entry element Rare books
Geographic subdivision Spain
-- Barcelona
Form subdivision Fiction.
651 #0 - SUBJECT ADDED ENTRY--GEOGRAPHIC NAME
Geographic name Barcelona (Spain)
Form subdivision Fiction.
655 #7 - INDEX TERM--GENRE/FORM
Genre/form data or focus term Fiction.
Source of term fast.
655 #7 - INDEX TERM--GENRE/FORM
Genre/form data or focus term Mystery fiction.
Source of term gsafd.
700 1# - ADDED ENTRY--PERSONAL NAME
Personal name Graves, Lucia,
Relator term translator.
942 ## - ADDED ENTRY ELEMENTS (KOHA)
Source of classification or shelving scheme
Koha item type Books - Fiction
Holdings
Withdrawn status Lost status Source of classification or shelving scheme Damaged status Not for loan Collection code Permanent Location Current Location Shelving location Date acquired Total Checkouts Total Renewals Full call number Barcode Date last seen Date last checked out Price effective from Koha item type
          Fiction KH8 Senior School Library KH8 Senior School Library Fiction 2019-06-12 7 1 FIC RUI 3KHSL000101183 2026-01-07 2025-12-24 2019-06-12 Books - Fiction

Powered By KH8 IT Dept